000 00821cam a2200193 4500
001 WS117547
008 020417n 000 0 eng u
035 _a(Sirsi) u117547
110 _aRoyal National Institute for the Blind
_93225
245 _aRoyal National Institute for the Blind (RNIB)
520 _aSite for this organisation which offers practical support and advice to anyone with a sight problem. Includes pages on the Disability Discrimination Act 1995 and disabled access.
650 _aORGANISATION
650 _aDISABILITY DISCRIMINATION ACT 1995
650 _aMANAGEMENT-BUSINESS MANAGEMENT-DISCRIMINATION-DISABILITY DISCRIMINATION-ACCESSIBILITY
650 _aBLIND
650 _aEMPLOYMENT
856 4 0 _uhttps://www.rnib.org.uk
_zView the website free of charge at www.rnib.org.uk...
942 _n0
999 _c120016
_d120016